Ekuśa bāiśa. (Record no. 67636)

MARC details
000 -LEADER
fixed length control field 00471cam a22002051 4500
001 - CONTROL NUMBER
control field sa 66001211
003 - CONTROL NUMBER IDENTIFIER
control field DLC
005 - DATE AND TIME OF LATEST TRANSACTION
control field 20260227112220.0
008 - FIXED-LENGTH DATA ELEMENTS--GENERAL INFORMATION
fixed length control field 890811s1965 ii 000 0 beno
010 ## - LIBRARY OF CONGRESS CONTROL NUMBER
LC control number sa 66001211
035 ## - SYSTEM CONTROL NUMBER
System control number (OCoLC)20162201
040 ## - CATALOGING SOURCE
Original cataloging agency DLC
Transcribing agency WaU
Modifying agency DLC
042 ## - AUTHENTICATION CODE
Authentication code premarc
050 00 - LIBRARY OF CONGRESS CALL NUMBER
Classification number PK1718.D475
Item number E4
100 1# - MAIN ENTRY--PERSONAL NAME
Personal name Dey, Bishnu.
245 10 - TITLE STATEMENT
Title Ekuśa bāiśa.
260 ## - PUBLICATION, DISTRIBUTION, ETC.
Date of publication, distribution, etc. [1965]
300 ## - PHYSICAL DESCRIPTION
Extent 6, 297 p.
Dimensions 23 cm.
500 ## - GENERAL NOTE
General note In Bengali.

No items available.

Powered by Koha